| 000 | 01254nam a22003257a 4500 | ||
|---|---|---|---|
| 999 |
_c200448366 _d66578 |
||
| 003 | TR-AnTOB | ||
| 005 | 20220405133013.0 | ||
| 007 | zm | ||
| 008 | 220404s2013 tu ||||| |||| 00| 0 eng d | ||
| 040 |
_aTR-AnTOB _beng _cTR-AnTOB _erda |
||
| 041 | _aeng | ||
| 050 | 4 | _aNK8865.A1 | |
| 090 |
_aNK8865.A1 _bT787 2013 |
||
| 999 | _aSA 04.04.2022 | ||
| 245 | 0 |
_aTruth of the loom : _btraditional weaving in Buldan, Turkey / _cphotographs by Luca Babini. Executive producers : Murat Karamancı, Atilla Kıyat. |
|
| 264 | 1 |
_aKayseri : _bOrta Anadolu, _c2013 |
|
| 264 | 4 | _c©2013 | |
| 300 |
_a98 pages : _bphotographs ; _c35 cm + _e1 computer disc (4 3/4 in.) |
||
| 336 |
_atext _btxt _2rdacontent |
||
| 336 |
_astill image _bsti _2rdacontent |
||
| 337 |
_aunmediated _bn _2rdamedia |
||
| 337 |
_acomputer _bc _2rdamedia |
||
| 338 |
_avolume _bnc _2rdacarrier |
||
| 338 |
_acomputer disc _bcd _2rdacarrier |
||
| 500 | _aThe documentary shot in Buldan, Turkey was shortlisted as a finalist for the 2013 WGSN Global Fashion Awards in the Sustainable Design Team category. | ||
| 650 | 0 |
_963008 _aHand weaving _zTurkey _zBuldan |
|
| 651 | 0 |
_aBuldan (Denizli, Türkiye) _vPictorial works _9136341 |
|
| 700 | 1 |
_9136347 _aBabini, Luca _ephotographer |
|
| 942 |
_2lcc _cMX |
||